|
|
|
|
| LEADER |
00000naa2a2200000 4500 |
| 001 |
426262 |
| 005 |
20231101074515.0 |
| 035 |
|
|
|a (RuTPU)RU\TPU\prd\84996
|
| 035 |
|
|
|a RU\TPU\prd\38738
|
| 090 |
|
|
|a 426262
|
| 100 |
|
|
|a 20100702a2005 k y0rusy50 ca
|
| 101 |
0 |
|
|a rus
|
| 102 |
|
|
|a RU
|
| 200 |
1 |
|
|a Расчет глубокого выгорания ядерного топлива в решетках с регулируемым спектром нейтронов
|f В. И. Савандер, М. А. Увакин
|
| 225 |
1 |
|
|a Статьи
|
| 320 |
|
|
|a Библиогр.: 7 назв.
|
| 461 |
|
0 |
|0 (RuTPU)RU\TPU\prd\33
|x 0004-7163
|t Атомная энергия
|o теоретический и научно-технический журнал
|f Российская академия наук ; Министерство РФ по атомной энергии, ядерного общества
|d 1956-
|
| 463 |
|
0 |
|0 (RuTPU)RU\TPU\prd\84991
|t Т. 98, вып. 6
|v с. 429-435
|d 2005
|
| 610 |
1 |
|
|a ядерное топливо
|
| 610 |
1 |
|
|a решетки
|
| 610 |
1 |
|
|a выгорание
|
| 610 |
1 |
|
|a расчеты
|
| 610 |
1 |
|
|a размножающиеся среды
|
| 610 |
1 |
|
|a регулирование
|
| 610 |
1 |
|
|a спектры нейтронов
|
| 610 |
1 |
|
|a динамические характеристики
|
| 675 |
|
|
|a 621.39.516.22
|v 3
|
| 700 |
|
1 |
|a Савандер
|b В. И.
|
| 701 |
|
1 |
|a Увакин
|b М. А.
|
| 801 |
|
1 |
|a RU
|b 63413507
|c 20051006
|g PSBO
|
| 801 |
|
2 |
|a RU
|b 63413507
|c 20100702
|g RCR
|
| 942 |
|
|
|c BK
|